1038 1730 1753 1620 1394 1636 1088 1798 1068 1958 1952 1135 1314 1307 1524 1365 1344 1646 1769 1797 1476 1167 1342 1224 1044 1409 1640 1896 1205 1403 1127 1292 1865 1568 1204 1796 1798 1245 1928 1551 1651 1967 1506 1245 1066 1441 1417 1666 1672 1914 1598 1557 1672 1536 1270 1571 1047 1212 1401 1264 1104 1661 1438 1802 1559 1986 1426 1553 1343 1697 1175 1535 1806 1775 1204 1674 1744 1830 1661 1290 1348 1377 1819 1872 1018 1776 1837 1415 1058 1850 1229 1571 1858 1153 1033 1738 1721 1155 1044 BCNSPRNW ULIB Ver.6.0+V

เปลี่ยนเป็นภาษาไทย

Change to English
 แสดงรายละเอียดบรรณานุกรม
  กลับหน้าหลัก

Brief Record : Get Marc (ISO 2709) : E-mail record : QR code < ปิดหน้าต่าง
LEADER : 00000nam 2200000uu 4500
001    13399122220
003     ULIB
008    130114s||||||||th 000 0 tha d
020    ^a9786165514729
060  4 ^aWK810^bต367
245 00 ^aตำราโรคเบาหวาน =^bDiabetes mellitus /^cบรรณาธิการ สารัช สุนทรโยธิน, ปฏิณัฐ บูรณะทรัพย์ขจร
246 30 ^aDiabetes mellitus
250    ^aพิมพ์ครั้งที่ 1
260    ^aกรุงเทพฯ :^bหน่วยต่อมไร้ท่อและเมตะบอลิสม ภาควิชาอายุรศาสตร์ คณะแพทยศาสตร์ จุฬาลงกรณ์มหาวิทยาลัย,^c2555
300    ^a368 หน้า :^bภาพประกอบ
505 0  ^a^tสมดุลของน้ำตาลกลูโคสในร่างกาย - -^tความรู้พื้นฐานของโรคเบาหวาน - -^tกลไกการเกิดโรคเบาหวานชนิดที่ 1 - -^tกลไกการเกิดโรคเบาหวานชนิดที่ 2 - -^tปัจจัยทางพันธุกรรมต่อโรคเบาหวาน - -^tการป้องกันการเกิดโรคเบาหวานชนิดที่ 2 - -^tหลักการให้ความรู้เกี่ยวกับโรคเบาหวาน - -^tโภชนบำบัด - -^tพฤติกรรมบำบัดและการดูแลรักษาทางจิตวิทยา - -^tการจัดค่ายเบาหวาน - -^tยาเม็ดลดระดับน้ำตาล - -^tอินซูลิน - -^tยาในกลุ่มอินครีติน - -^tการปลูกถ่ายไอซ์เลตเซลล์ - -^tภาวะน้ำตาลในเลือดต่ำในผู้ป่วยเบาหวาน - -^tกลไกการเกิดโรคแทรกซ้อนเรื้อรัง - -^tโรคแทรกซ้อนทางตา - -^tโรคแทรกซ้อนทางไต - -^tโรคของเส้นประสาทส่วนปลาย - -^tโรคของหลอดเลือดสมองในผู้ป่วยเบาหวาน - -^tโรคหัวใจขาดเลือด - -^tความผิดปกติของไขมัน - -^tโรคไขมันเกาะตับ - -^tโรคและอาการแสดงทางผิวหนัง - -^tการติดเชื้อของแผลเบาหวานบริเวณเท้า - -^tการดูแลช่องปาก - -^tเบาหวานกับมะเร็ง - -^tการดูแลผู้ป่วยเบาหวานในช่วงผ่าตัด - -^tโรคเบาหวานระหว่างการตั้งครรภ์ - -^tการควบคุมระดับน้ำตาลในผู้ป่วยเบาหวานที่มีไตวายเรื้อรัง - -^tการควบคุมระดับน้ำตาลในโรงพยาบาล - -^tการดูแลรักษาเบาหวานในเด็กและวัยรุ่น
650  7 ^aเบาหวาน
700 0  ^aสารัช สุนทรโยธิน,^eบรรณาธิการ
700 0  ^aปฏิณัฐ บูรณะทรัพย์ขจร,^eบรรณาธิการ
710 2  ^aจุฬาลงกรณ์มหาวิทยาลัย. ^bคณะแพทยศาสตร์. ^bภาควิชาอายุรศาสตร์. ^bหน่วยต่อมไร้ท่อและเมตะบอลิสม
856    ^a^zตำราโรคเบาหวาน.pdf (Content)^uhttp://113.53.232.221:80/UlibM//_fulltext/5/13399122084/20121225103223_2071.pdf
945    ^p399^l0^i19675
945    ^p399^l0^i19676
945    ^p399^l0^i21396
945    ^p399^l0^i21397
945    ^p399^l0^i21398
999    ^aใช้งานได้ทุกระบบ
รายการนี้ยังไม่มีแท็ก
คุณยังไม่ได้ล็อกอิน คุณสามารถมีกิจกรรมร่วมกับเว็บไซต์ได้ แต่ต้องล็อกอินก่อน ::
  ล็อกอิน

รายการสื่อสารสนเทศ

ลำดับที่ ประเภท เลขเรียก/บาร์โค้ด สถานที่ สถานะ
1. วิทยาศาสตร์การแพทย์ และสุขภาพ
วิทยาศาสตร์การแพทย์ และสุขภาพ
สถานะ=หนังสือเก่า
WK810 ต367  
  Barcode: 19675
ห้องสมุดวิทยาเขตนครสวรรค์
►ส่วนจัดเก็บหนังสือเก่า นว.
บนชั้น
  ขอยืม
2. วิทยาศาสตร์การแพทย์ และสุขภาพ
วิทยาศาสตร์การแพทย์ และสุขภาพ
สถานะ=หนังสือเก่า
WK810 ต367 ฉ.2 
  Barcode: 19676
ห้องสมุดวิทยาเขตนครสวรรค์
►ส่วนจัดเก็บหนังสือเก่า นว.
บนชั้น
  ขอยืม
3. วิทยาศาสตร์การแพทย์ และสุขภาพ
วิทยาศาสตร์การแพทย์ และสุขภาพ
สถานะ=หนังสือเก่า
WK810 ต367 ฉ.3 
  Barcode: 21396
ห้องสมุดวิทยาเขตนครสวรรค์
►ส่วนจัดเก็บหนังสือเก่า นว.
บนชั้น
  ขอยืม
4. วิทยาศาสตร์การแพทย์ และสุขภาพ
วิทยาศาสตร์การแพทย์ และสุขภาพ
สถานะ=หนังสือเก่า
WK810 ต367 ฉ.4 
  Barcode: 21397
ห้องสมุดวิทยาเขตนครสวรรค์
►ส่วนจัดเก็บหนังสือเก่า นว.
บนชั้น
  ขอยืม
5. วิทยาศาสตร์การแพทย์ และสุขภาพ
วิทยาศาสตร์การแพทย์ และสุขภาพ
สถานะ=หนังสือเก่า
WK810 ต367 ฉ.5 
  Barcode: 21398
ห้องสมุดวิทยาเขตนครสวรรค์
►ส่วนจัดเก็บหนังสือเก่า นว.
บนชั้น
  ขอยืม

รายการใกล้เคียง
    หัวเรื่อง [เบาหวาน]

BibComment


ยังไม่เคยถูกคอมเมนท์

คอมเมนท์ทรัพยากรรายการนี้
  คอมเมนท์: ตำราโรคเบาหวาน ..


 Copyright 2026. Bcnsprnw @Library